Statistics for Biggest Concentration And Extermination Camps

Click here to take the quiz!

General Stats

  • This quiz has been taken 28 times
  • The average score is 8 of 34

Answer Stats

CountryCC/EC% Correct
Poland(EC)Auschwitz
100%
Germany(CC)Bergen-Belsen
70%
Germany(CC)Dachau
61%
Germany(CC)Buchenwald
57%
Poland(EC)Treblinka
57%
Poland(EC)Sobibor
52%
Poland(EC)Majdanek
43%
Germany(CC)Sachsenhausen
35%
Germany(CC)Ravensbrück
30%
Poland(EC)Chelmno
26%
Germany(CC)Flossenbürg
26%
Czech Republic(CC)Theresienstadt
26%
Poland(EC)Belzec
22%
Poland(EC)Gross-Rosen
22%
France(CC)Natzweiler-Struthof
22%
Germany(CC)Neuengamme
22%
Poland(CC)Stutthof
22%
Germany(CC)Mittelbau-Dora
17%
Poland(CC)Plaszow
17%
Ukraine(EC)Janowska
9%
Italy(CC)Bolzano
4%
Estonia(CC)Klooga
4%
Austria(CC)Mauthausen-Gusen
4%
Germany(CC)Niederhagen
4%
Serbia(EC)Sajmiste
4%
EstoniaVaivara
4%
Germany(CC)Bernburg
0%
Germany(CC)Kaufering
0%
Hungary(CC)Kistarcsa
0%
Belarus(EC)Maly Trostenest
0%
Lithuania(CC)Salaspils
0%
Czech Republic(CC)Scrochovice
0%
Poland(CC)Soldau
0%
Ukraine(EC)Syrets
0%

Score Distribution

Percentile by Number Answered

Percent of People with Each Score

Your Score History

You have not taken this quiz